[Event "73rd RUS-ch Higher League 2020"]
[Site "Sochi"]
[Date "2020.10.11"]
[Round "4.4"]
[White "Khismatullin, Denis"]
[Black "Artemiev, Vladislav"]
[Result "1/2-1/2"]
[WhiteElo "2604"]
[BlackElo "2716"]
[Annotator "TA"]
[PlyCount "96"]
[EventDate "2020.10.08"]
[EventType "swiss"]
[EventCountry "RUS"]
[SourceTitle "playchess.com"]
[Source "ChessBase"]
[SourceQuality "1"]

{[%evp 13,96,16,7,8,25,0,0,0,0,-64,0,2,35,0,0,0,0,-19,0,-24,-16,-59,-76,-58,-49,-58,-62,-64,-58,-68,0,0,0,0,0,-19,-8,-14,-45,-11,-12,-25,-10,-11,0,0,0,0,0,0,0,0,0,0,0,0,0,0,0,0,0,0,0,0,0,0,0,0,0,0,0,0,0,0,0,0,0,0,0,0,0,0,0,0,0]} 1. d4 d5 2. c4 c6 3. Nf3 Nf6 4. Nc3 e6 5. Bg5 Nbd7 6. e3 Be7 7. Rc1 h6 8. Bf4 {D53: Queen's Gambit Declined: 4 Bg5 Be7: Early deviations.} O-O {[#]} 9. g4 $146 ({Predecessor:} 9. h3 Ne4 10. Bd3 Nxc3 11. bxc3 b6 12. cxd5 cxd5 13. g4 Nf6 14. g5 Ne4 15. gxh6 {1-0 (50) Rakhmanov,A (2652)-Kiriakov,P (2520) Dubai 2018}) 9... dxc4 10. Bxc4 b5 ({Reject} 10... Nxg4 $6 11. Rg1 $16) 11. Bb3 (11. Bd3 $11) 11... b4 ({And not} 11... Nxg4 12. Rg1 $16) (11... c5 $15 12. d5 exd5) 12. Na4 $1 $11 Nd5 13. h4 Nxf4 14. exf4 Qc7 $36 {[%mdl 2048] Black has good play.} 15. Ne5 Nxe5 16. fxe5 {next g5! is good for White.} Rd8 17. g5 Qd7 $1 ({But not} 17... hxg5 $6 18. hxg5 Bxg5 {[#]} 19. Qh5 $3 $14 {[%mdl 512]}) 18. gxh6 {aiming for Qg4!} Qxd4 19. Qxd4 Rxd4 20. Rg1 g6 {...Ba6 is the strong threat.} 21. h5 Ba6 (21... Re4+ $15 22. Kd2 Rxe5 23. hxg6 Bg5+ {[%mdl 64] Double Attack} 24. Kc2 fxg6) 22. Nc5 $1 {[%cal Rc5a6]} Bxc5 $1 23. Rxc5 Rad8 $1 {[%cal Rd4e4]} 24. f3 Rd2 25. Rc2 Rd1+ 26. Kf2 {Hoping for Rxd1.} Rxg1 27. Kxg1 {Threatens to win with hxg6.} gxh5 28. Rxc6 {[%mdl 4096] Endgame KRB-KRB. The position is equal.} Bb7 29. Rc7 Bd5 {And now ...Bxb3 would win.} 30. Bc2 Bxf3 31. Kf2 Bg4 32. h7+ Kg7 $1 33. Kg3 Bf5 34. Bxf5 exf5 {KR-KR} 35. Kh4 Kg6 36. Rxa7 Rd4+ 37. Kg3 Kxh7 38. e6 Re4 39. exf7 Kg7 40. a3 Rg4+ 41. Kh3 bxa3 42. bxa3 f4 {White should prevent ...f3.} 43. Ra5 Kxf7 44. Rxh5 Rg3+ {[%mdl 64] [#] Double Attack} 45. Kh2 Ke6 46. a4 Rg8 47. Rb5 f3 48. Rb3 f2 {Accuracy: White = 87%, Black = 91%.} 1/2-1/2

[Event "73rd RUS-ch Higher League 2020"]
[Site "Sochi"]
[Date "2020.10.11"]
[Round "4.5"]
[White "Esipenko, Andrey"]
[Black "Sakaev, Konstantin"]
[Result "1/2-1/2"]
[WhiteElo "2682"]
[BlackElo "2596"]
[Annotator "TA"]
[PlyCount "73"]
[EventDate "2020.10.08"]
[EventType "swiss"]
[EventCountry "RUS"]
[SourceTitle "playchess.com"]
[Source "ChessBase"]
[SourceQuality "1"]

{[%evp 19,73,-7,0,-15,-16,-16,-4,-17,0,-15,-11,-6,-12,-18,-15,-18,0,-6,-10,-24,8,0,0,0,0,0,15,4,25,1,4,0,0,-2,-1,-64,0,-5,0,-8,0,0,0,0,0,0,0,0,0,0,0,0,0,0,0,0]} 1. e4 c5 2. Nf3 d6 3. d4 cxd4 4. Nxd4 Nf6 5. Nc3 a6 6. f4 e5 7. Nf3 Nbd7 8. a4 Qc7 9. Bd3 Be7 10. O-O O-O 11. Qe2 {B93: Sicilian Najdorf: 6 f4.} Nc5 12. f5 Bd7 13. Bg5 Bc6 {[#]} 14. Kh1 $146 ({Predecessor:} 14. Bxf6 Bxf6 15. Rfd1 Rac8 16. Kh1 Rfd8 17. b4 Nxd3 18. Rxd3 b6 19. Rad1 Bb7 20. Qe3 {½-½ (20) Harman,K (1645)-Kuuse,K (1802) ICCF email 2015}) 14... Nxd3 15. cxd3 b5 16. axb5 axb5 17. Rac1 {[#] Strongly threatening Nd5!} Qb7 18. Nd1 {[%cal Bc3d1,Bd1e3,Be3g4][%mdl 32]} Rfc8 19. Ne3 Be8 20. Rcd1 Bc6 21. Bxf6 Bxf6 22. Ng4 Qe7 23. h3 Bb7 24. Qe3 d5 25. Rc1 dxe4 26. dxe4 h6 27. Qe2 (27. Kh2 $11) 27... Rxc1 ({Black should try} 27... Qb4 $1 $15) 28. Rxc1 $11 {The position is equal.} Bg5 29. Rd1 Qb4 30. Nxg5 hxg5 31. Nf2 f6 32. Kh2 Bc6 33. Rc1 Qd6 34. Rd1 Qb4 35. Rc1 Qd6 36. Rd1 Qb4 37. Rc1 {A rather calm draw. Accuracy: White = 95%, Black = 93%.} 1/2-1/2

[Event "73rd RUS-ch Higher League 2020"]
[Site "Sochi"]
[Date "2020.10.11"]
[Round "4.6"]
[White "Predke, Alexandr"]
[Black "Lysyj, Igor"]
[Result "1/2-1/2"]
[WhiteElo "2676"]
[BlackElo "2593"]
[Annotator "TA"]
[PlyCount "53"]
[EventDate "2020.10.08"]
[EventType "swiss"]
[EventCountry "RUS"]
[SourceTitle "playchess.com"]
[Source "ChessBase"]
[SourceQuality "1"]

{[%evp 24,53,14,0,4,0,0,0,0,0,0,0,0,0,5,5,6,2,5,4,5,5,6,4,4,4,11,0,6,0,15,0]} 1. d4 Nf6 2. c4 e6 3. Nc3 Bb4 4. f3 d5 5. a3 Bxc3+ 6. bxc3 c5 7. cxd5 Nxd5 8. dxc5 Qa5 9. e4 Nf6 10. Be3 O-O 11. Qb3 Nfd7 12. a4 Qc7 13. Qa3 {The position is equal.} b6 {E25: Nimzo-Indian: Sämisch: 5...c5 6 f3 d5 7 cxd5.} 14. cxb6 axb6 15. Bb5 Ba6 {[#] Strongly threatening ...Bxb5.} 16. c4 $146 ({Predecessor:} 16. Rb1 Ne5 17. Qb3 Nbd7 18. Ne2 Bxb5 19. axb5 Nd3+ 20. Kf1 N7c5 21. Qc2 Rfd8 22. g3 Nxe4 {0-1 (45) Weller,J (2176)-Richardson,J (2320) England 2013}) 16... Ne5 17. Ne2 Nxc4 18. Bxc4 Qxc4 {[%csl Ga6][%cal Rc4e2]} 19. Nf4 {[#] And now Rc1 would win.} Bb5 {[%cal Ra8a4]} 20. Kf2 Rxa4 21. Qb2 Nc6 22. Rxa4 Qxa4 23. Ra1 Qc4 24. Rc1 Qa4 25. Ra1 Qc4 26. Rc1 Qa4 27. Ra1 {Not much happened in this game. Accuracy: White = 100%, Black = 100%.} 1/2-1/2

[Event "73rd RUS-ch Higher League 2020"]
[Site "Sochi"]
[Date "2020.10.11"]
[Round "4.7"]
[White "Sjugirov, Sanan"]
[Black "Lintchevski, Daniil"]
[Result "1/2-1/2"]
[WhiteElo "2675"]
[BlackElo "2559"]
[Annotator "TA"]
[PlyCount "111"]
[EventDate "2020.10.08"]
[EventType "swiss"]
[EventCountry "RUS"]
[SourceTitle "playchess.com"]
[Source "ChessBase"]
[SourceQuality "1"]

{[%evp 15,111,0,20,17,25,34,30,35,35,35,35,26,31,40,43,36,29,36,42,44,30,40,26,20,39,30,41,52,74,66,75,68,70,39,27,35,55,0,7,2,12,15,25,18,10,0,15,15,14,10,17,5,11,9,35,38,39,37,70,70,70,70,70,70,70,70,70,69,69,48,69,32,32,32,32,32,32,32,32,32,32,32,32,32,32,32,32,32,32,32,32,32,32,32,32,25,25,25]} 1. e4 e6 2. d4 d5 3. Nc3 dxe4 4. Nxe4 Nd7 5. Nf3 Ngf6 6. Nxf6+ Nxf6 7. Bg5 h6 8. Be3 Nd5 9. Bd2 {C10: French with 3 Nc3: Unusual Black 3rd moves and 3...dxe4.} c5 10. Bb5+ Bd7 11. Bxd7+ Qxd7 12. c4 {[#] Strongly threatening Ne5.} Nb6 13. Rc1 Be7 ({Much weaker is} 13... cxd4 14. c5 $16) 14. dxc5 Bxc5 15. b4 Be7 16. c5 Nd5 {[%cal Bb6d5,Bd5f4,Bf4d3][%mdl 32]} 17. Ne5 Qc7 18. Qa4+ Kf8 19. Nf3 {[#]} Bg5 $146 {White should prevent ...Bxd2+.} ({Predecessor:} 19... h5 20. O-O h4 21. h3 Rh5 22. Rfe1 Kg8 23. Re4 a6 24. Qd1 Rd8 25. Qe2 Bf6 {1-0 (45) Oparin,G (2542)-Mokshanov,A (2428) Loo 2014}) 20. O-O Bxd2 21. Nxd2 Nf4 {With the idea ...Ne2+.} 22. Rc4 Rd8 23. Nf3 a6 24. b5 axb5 $1 25. Qxb5 {Threatens to win with Rb1.} Kg8 26. Rb4 ({White should try} 26. g3 $14 Nd5 27. Rfc1) 26... Nd3 27. Qxb7 Qxb7 28. Rxb7 Nxc5 29. Rc7 Rd5 30. Rb1 Kh7 31. Rxf7 Ra8 32. h3 Rxa2 33. Re1 Ra6 34. Ne5 Rad6 35. Re3 {[#] Black must now prevent Rg3.} Rd8 36. Rc7 Nd7 37. Nxd7 R8xd7 38. Rxd7 Rxd7 39. Rxe6 $14 {[%mdl 4096] Endgame KR-KR} h5 40. Re5 g6 41. g3 Kg7 42. Kg2 Ra7 43. g4 hxg4 44. hxg4 Kf6 45. f4 Ra3 46. Kf2 Ra2+ 47. Kf3 Ra3+ 48. Re3 Ra1 49. g5+ Kf7 50. Rc3 Ra7 51. Rc5 Kg7 52. Ke4 Re7+ 53. Kd5 Rf7 54. Rc4 Rf5+ 55. Ke6 Kg8 56. Kd6 {Accuracy: White = 92%, Black = 95%.} 1/2-1/2

[Event "73rd RUS-ch Higher League 2020"]
[Site "Sochi"]
[Date "2020.10.11"]
[Round "4.8"]
[White "Pridorozhni, Aleksei"]
[Black "Paravyan, David"]
[Result "1-0"]
[WhiteElo "2596"]
[BlackElo "2653"]
[Annotator "TA"]
[PlyCount "117"]
[EventDate "2020.10.08"]
[EventType "swiss"]
[EventCountry "RUS"]
[SourceTitle "playchess.com"]
[Source "ChessBase"]
[SourceQuality "1"]

{[%evp 15,117,5,0,0,2,0,0,0,1,0,0,0,0,0,8,8,11,10,18,21,39,21,22,22,22,18,22,29,28,20,20,20,20,30,34,36,36,36,37,35,35,37,30,11,12,22,57,35,54,60,45,11,15,0,0,0,9,16,20,13,20,25,195,196,239,52,221,218,212,212,439,439,442,433,2570,2172,12835,12836,12836,12837,12837,12837,12837,12835,12835,12835,12835,12836,12836,12836,12836,12834,12838,12839,12851,12851,12851,12851,12851,27998,27999,27999,27997,27998]} 1. e4 e5 2. Nf3 Nf6 3. Nxe5 d6 4. Nf3 Nxe4 5. Qe2 Qe7 6. d3 Nf6 7. Bg5 Qxe2+ 8. Bxe2 Be7 9. c4 {C42: Petroff Defence: 3 Nxe5 and unusual White 3rd moves.} Nc6 10. Nc3 {[#]} Bf5 $146 ({Predecessor:} 10... h6 11. Bd2 Bf5 12. Nb5 O-O-O {½-½ (12) Ardeleanu,A (2338)-Tancik,K (2274) Subotica 2012}) 11. d4 {The position is equal.} Ne4 12. Bxe7 {Black must now prevent Bh4.} Nxc3 13. bxc3 {And now Bg5 would win.} Kxe7 14. Nd2 Rhe8 15. Nf1 Na5 16. Ne3 Be6 17. h4 f5 18. g3 Kf6 19. Kd2 c6 20. h5 g5 21. hxg6 hxg6 22. Rh7 Rh8 23. Rah1 Rxh7 24. Rxh7 Rd8 25. f4 Rd7 26. Rh8 b6 27. d5 Bf7 28. Ra8 Rc7 29. Bf3 cxd5 30. cxd5 b5 31. Be2 Nc4+ 32. Bxc4 $1 bxc4 $14 {[%mdl 4096] Endgame KRB-KRN} 33. a4 (33. Rd8 $5 {[%cal Rd8d6]}) 33... Rb7 34. a5 Rb2+ 35. Kd1 Rb1+ 36. Kc2 Rb5 37. Rxa7 {Strongly threatening a6.} Bxd5 38. Kd2 Ke6 $2 {[#]} (38... Be4 $11) 39. Nc2 $1 $18 {[%cal Rc2d4] Threatens to win with Nd4+.} Rb1 40. a6 $2 (40. Nd4+ $18 Kf6 41. Rd7) 40... Be4 $2 (40... Rb2 $14 41. Kc1 Ra2) 41. Nd4+ Kf6 42. Rd7 Rb6 $2 (42... Rg1 43. Rxd6+ Kf7) 43. a7 Bg2 44. Nc6 {[%mdl 64] Promotion} Bxc6 (44... Ra6 $142 45. Rxd6+ Kg7 46. Rd7+ Kf6) 45. Rxd6+ Ke7 {[#]} 46. Rxc6 $1 {[%mdl 512] KR-KR} Rb2+ (46... Rxc6 47. a8=Q) 47. Ke3 Ra2 48. Rxg6 {White threatens Rg8 and mate.} Kf7 49. Rh6 Kg7 50. Rc6 Rxa7 51. Rxc4 Re7+ 52. Kd3 Re1 53. Rc5 Rg1 54. Rxf5 Rxg3+ 55. Kd4 Rf3 56. c4 Kg6 57. Re5 (57. Rb5 $18 Rxf4+ 58. Kd5) 57... Rxf4+ 58. Kd5 Kf6 59. Re1 {Accuracy: White = 91%, Black = 73%.} 1-0

[Event "73rd RUS-ch Higher League 2020"]
[Site "Sochi"]
[Date "2020.10.11"]
[Round "4.9"]
[White "Alekseev, Evgeny"]
[Black "Ovchinnikov, Vsevolod"]
[Result "1-0"]
[WhiteElo "2626"]
[BlackElo "2349"]
[Annotator "TA"]
[PlyCount "83"]
[EventDate "2020.10.08"]
[EventType "swiss"]
[EventCountry "RUS"]
[SourceTitle "playchess.com"]
[Source "ChessBase"]
[SourceQuality "1"]

{[%evp 21,83,15,30,22,36,18,25,0,0,-11,0,0,3,3,3,3,4,5,10,7,63,67,51,51,60,68,89,90,88,96,96,89,90,56,66,58,91,79,160,172,258,254,397,404,401,385,382,382,521,560,561,548,452,435,463,430,553,525,590,587,561,546,539,536]} 1. c4 Nf6 2. Nc3 c5 3. Nf3 e6 4. e3 Nc6 5. Be2 d5 6. cxd5 exd5 7. d4 Be7 8. dxc5 Bxc5 9. O-O O-O 10. b3 Be6 11. Bb2 Qe7 12. Na4 $5 {[%mdl 4] Exploring less charted territory. D32: Tarrasch Defence: Sidelines and lines without g3.} Bd6 13. Nd4 Ne4 14. Nb5 {White has an edge.} Bb8 {[#]} 15. g3 $146 ({Predecessor:} 15. Nac3 Rd8 16. Rc1 Qh4 17. f4 a6 18. Nxe4 dxe4 19. Nd4 Nxd4 20. Bxd4 Ba7 21. Rc7 Bxd4 22. exd4 {0-1 (42) Sanchez Guirado,F (2411)-Jimenez Villena,F (2275) Ciudad Real 2004}) 15... Rd8 16. Rc1 Bh3 17. Re1 $36 {[%mdl 2048] White has good play.} Be5 18. Bxe5 Qxe5 19. Nd4 Qf6 20. f3 Nxd4 (20... Ng5 $11) 21. Qxd4 $14 Qxd4 22. exd4 Nd6 23. g4 {aiming for Kf2.} h5 24. Nc3 (24. gxh5 Nf5 $11) 24... hxg4 25. fxg4 f5 26. Nxd5 Bxg4 27. Bxg4 fxg4 28. Ne7+ Kh7 {[#]} 29. Rc7 $1 Nf7 ({Better is} 29... Rf8) 30. d5 Nh6 (30... b5 {was called for.} 31. Nc6 Rf8) 31. Rxb7 $18 Re8 (31... Ng8 $142 32. Nxg8 Kxg8) 32. d6 Nf5 33. Re5 ({Less strong is} 33. Nxf5 Rxe1+ 34. Kf2 Rd1 $14) 33... Nxe7 34. Rexe7 ({Not} 34. dxe7 a6 $18) 34... Rxe7 35. dxe7 {[%mdl 4096] Endgame KR-KR. White is clearly winning.} ({Weaker is} 35. Rxe7 Rd8 $16) 35... a5 36. Kg2 Kg6 {[#]} 37. Ra7 $1 {[%mdl 512]} Re8 (37... Rxa7 38. e8=Q+) 38. Kg3 Kf7 39. Kxg4 Rc8 40. Rxa5 Kxe7 41. a4 Rc3 42. Rb5 {Accuracy: White = 92%, Black = 62%.} 1-0

[Event "73rd RUS-ch Higher League 2020"]
[Site "Sochi"]
[Date "2020.10.11"]
[Round "4.10"]
[White "Goryachkina, Aleksandra"]
[Black "Zvjaginsev, Vadim"]
[Result "1/2-1/2"]
[WhiteElo "2582"]
[BlackElo "2617"]
[Annotator "TA"]
[PlyCount "145"]
[EventDate "2020.10.08"]
[EventType "swiss"]
[EventCountry "RUS"]
[SourceTitle "playchess.com"]
[Source "ChessBase"]
[SourceQuality "1"]

{[%evp 13,145,9,31,15,10,5,20,17,17,24,4,8,18,13,16,9,21,19,28,19,25,19,19,12,17,15,15,15,13,7,7,17,63,52,78,78,75,75,75,67,65,63,100,65,71,71,79,29,49,5,5,8,20,10,10,10,28,0,39,3,4,4,4,8,157,160,134,84,263,265,316,242,255,220,877,846,927,919,761,564,928,836,1125,1257,1081,416,1216,1085,1245,1194,1127,942,1339,1703,1617,1452,29973,29974,29970,893,791,750,750,670,419,340,220,0,0,0,0,0,0,0,0,0,0,0,0,0,0,0,0,0,0,0,0,0,0,0,0,0,0,0]} 1. d4 Nf6 2. c4 e6 3. g3 Bb4+ 4. Nd2 c5 5. a3 Bxd2+ 6. Qxd2 cxd4 7. Nf3 b6 8. b4 {E00: Catalan Bogo-Indian (3 g3 Bb4+).} Bb7 9. Qxd4 d5 10. cxd5 Qxd5 {[#]} 11. Bb2 $146 ({Predecessor:} 11. Qxd5 Bxd5 12. Bg2 Nbd7 13. O-O Rc8 14. Bb2 Ke7 15. Rac1 Rhd8 16. b5 Nc5 17. Nd4 Bxg2 18. Kxg2 {0-1 (46) Percivaldi,M (2391)-Dudin,G (2388) Budapest 2020}) 11... Qxd4 12. Bxd4 Bd5 13. Bg2 Nc6 14. O-O Nxd4 15. Nxd4 O-O-O 16. Rac1+ Kb8 {Hoping for ...Bxg2.} 17. Bxd5 Rxd5 18. Nc6+ Kb7 19. Rc2 Re8 20. Rfc1 e5 21. a4 a6 $1 22. Rc4 e4 23. e3 Rd7 24. b5 a5 25. h3 h5 26. Kf1 Nh7 27. Nd4 Ng5 28. h4 Ne6 29. Nxe6 Rxe6 $16 {[%mdl 4096] Endgame KRR-KRR} 30. Ke2 f5 31. Rd1 Rxd1 32. Kxd1 $11 {KR-KR} Rd6+ 33. Ke2 Rg6 $1 34. Rc3 Kb8 35. Rc4 Kb7 $1 36. Rd4 {aiming for Rd7+.} Kc7 37. Rd5 Rf6 38. f3 Rg6 (38... exf3+ $1 $11 39. Kxf3 g6) 39. Rxf5 $16 Rxg3 40. fxe4 Rg2+ $2 (40... Rg4 $16 {is a better defense.}) 41. Kf3 $18 Ra2 42. Rxh5 Rxa4 43. Rg5 Ra1 $2 (43... Kd6 44. Rxg7 Rb4) 44. e5 Kd7 45. Rxg7+ Ke6 46. Kf4 Rh1 47. Rg6+ Kd5 48. Rd6+ Kc5 49. Kg5 (49. Rd3 $142 Kxb5 50. e6 Rxh4+ 51. Kg5) 49... a4 (49... Rh3 $142 50. Rd3 Kc4) 50. Rd3 Rg1+ 51. Kf5 Rf1+ 52. Ke4 Rh1 53. e6 Rxh4+ {[#]} 54. Kf5 $1 Rh7 55. Kg6 Rh4 56. Rd4 (56. e7 $142 Re4 57. Kf7 Kxb5 58. e8=Q+ Rxe8 59. Kxe8 Kc4 60. Rd1 b5 61. e4) 56... Rh3 {[#]} 57. Re4 $1 Rg3+ 58. Kf5 Rf3+ {[#]} 59. Kg4 $1 Rf8 60. e7 $2 (60. Rxa4 $18 Kd6 61. Ra6 Kxe6 62. Rxb6+ Kd5 63. Rg6 (63. Rc6 Rg8+ 64. Kf5 Re8 $16)) 60... Re8 $11 {The position is equal.} 61. Kf5 a3 62. Ke6 Kxb5 63. Rf4 a2 64. Rf1 $1 {[%cal Rf1a1]} Ka4 65. Kd7 Rb8 {And now ...b5 would win.} 66. e8=Q Rxe8 67. Kxe8 {KR-KPP} b5 {[%cal Bb6b5,Bb5b4,Bb4b3][%mdl 32]} 68. Rf7 $1 {[%cal Rf7a7] Threatens to win with Ra7+.} Kb3 69. Ra7 Kb2 70. e4 b4 71. e5 b3 72. e6 a1=Q 73. Rxa1 {Black escapes into a draw. Accuracy: White = 80%, Black = 60%.} 1/2-1/2

[Event "73rd RUS-ch Higher League 2020"]
[Site "Sochi"]
[Date "2020.10.11"]
[Round "4.11"]
[White "Demchenko, Anton"]
[Black "Shuvalova, Polina"]
[Result "1-0"]
[WhiteElo "2632"]
[BlackElo "2441"]
[Annotator "TA"]
[PlyCount "93"]
[EventDate "2020.10.08"]
[EventType "swiss"]
[EventCountry "RUS"]
[SourceTitle "playchess.com"]
[Source "ChessBase"]
[SourceQuality "1"]

{[%evp 18,93,19,11,17,9,16,14,14,14,14,17,40,0,0,0,0,0,0,0,0,0,0,0,22,0,9,9,10,10,13,12,42,42,43,42,60,60,75,69,73,72,57,57,67,56,57,57,57,57,152,151,143,150,154,151,144,139,278,264,277,0,229,223,289,285,282,244,291,251,315,320,370,422,801,809,776,755]} 1. Nf3 Nf6 2. g3 g6 3. Bg2 Bg7 4. O-O d5 5. d3 c5 6. Nbd2 Nc6 7. e4 O-O 8. Re1 e5 9. exd5 Nxd5 10. Nc4 {[%cal Rf3e5]} f6 {A08: King's Indian Attack.} 11. Nfd2 Be6 12. Ne4 b6 {[#] The position is equal.} 13. f4 $146 ({Predecessor:} 13. c3 Qd7 14. Qb3 Rad8 15. a4 Nde7 16. Bf1 Kh8 17. a5 Nxa5 18. Rxa5 bxa5 19. Nxc5 {1-0 (97) Roshka,Y (2214)-Sivuk,V (2520) Lvov 2017}) 13... Qd7 14. fxe5 Bg4 15. Nxc5 bxc5 16. Bxd5+ $1 Qxd5 17. Qxg4 Nd4 {[#] ...Nf3+ is the strong threat.} 18. Qe4 Qxe4 19. Rxe4 {aiming for exf6.} Nxc2 20. Rb1 fxe5 21. Be3 (21. Bg5 {feels hotter.} Nb4 22. Be7 Rf3 23. Bxc5 Nxd3 24. Be3) 21... Nxe3 22. Nxe3 Rad8 23. Rd1 Rf7 24. Ng4 Rd5 25. b3 h5 26. Nf2 Rd6 27. Kg2 Ra6 28. Re2 Rd6 29. Ne4 Rd5 30. Rc2 Bf8 31. Rf2 {[#] Black must now prevent Nf6+.} Be7 32. Rxf7 Kxf7 $14 {[%mdl 4096] Endgame KRB-KRN} 33. Kf3 c4 ({Black should play} 33... Ke6 $14) 34. bxc4 $16 Ra5 35. Rd2 Ke6 36. Rb2 Ra3 37. Ke3 a5 (37... Ra6 $16 38. h3 Rb6 39. Rxb6+ axb6) 38. Rc2 $18 Ra4 39. Rb2 Ra3 $1 40. h3 Bb4 41. Rc2 Kd7 42. Nf6+ Kc6 43. Nd5 Bd6 44. Nc3 Bb8 45. Ke4 Kc5 (45... Bd6 $142 46. Nb5 Ra4) 46. Nb5 Ra4 47. a3 {Accuracy: White = 93%, Black = 68%.} 1-0

[Event "73rd RUS-ch Higher League 2020"]
[Site "Sochi"]
[Date "2020.10.11"]
[Round "4.12"]
[White "Samusenko, Maksim"]
[Black "Riazantsev, Alexander"]
[Result "1/2-1/2"]
[WhiteElo "2459"]
[BlackElo "2638"]
[Annotator "RC"]
[PlyCount "66"]
[EventDate "2020.10.08"]
[EventType "swiss"]
[EventCountry "RUS"]
[SourceTitle "playchess.com"]
[Source "ChessBase"]
[SourceQuality "1"]
[TimeControl "40/5400+30:1800+30"]

1. e4 {[%emt 0:00:00]} c6 {[%emt 0:00:00]} 2. Nc3 {[%emt 0:00:08]} d5 {[%emt 0:00:00]} 3. Nf3 {[%emt 0:00:15]} Bg4 {[%emt 0:01:05]} 4. h3 {[%emt 0:00:20]} Bxf3 {[%emt 0:00:11]} 5. Qxf3 {[%emt 0:00:08]} e6 {[%emt 0:00:12]} 6. Be2 {[%emt 0:00:28]} Nf6 {[%emt 0:11:29]} 7. O-O {[%emt 0:00:49]} Bc5 {[%emt 0:02:52]} 8. Rd1 {[%emt 0:01:04]} Bd4 {[%emt 0:13:37]} 9. Qf4 {[%emt 0:01:48]} dxe4 {[%emt 0:07:05]} 10. d3 {[%emt 0:12:52]} e3 {[%emt 0:07:38]} 11. fxe3 {[%emt 0:04:42]} Bb6 {[%emt 0:00:06]} 12. Rf1 {[%emt 0:22:03]} O-O {[%emt 0:01:41]} 13. Kh1 {[%emt 0:11:33]} Nd5 {[%emt 0:15:08]} 14. Qf3 {[%emt 0:02:25]} Nd7 {[%emt 0:07:36]} 15. e4 {[%emt 0:06:24]} Nb4 {[%emt 0:02:12]} 16. Bd1 {[%emt 0:00:48]} f5 {[%emt 0:00:04]} 17. Qe2 {[%emt 0:11:26]} Kh8 {[%emt 0:00:14]} 18. a3 {[%emt 0:01:53]} Na6 {[%emt 0:00:08]} 19. Be3 {[%emt 0:04:06]} Qc7 {[%emt 0:08:58]} 20. exf5 {[%emt 0:00:57]} Bxe3 {[%emt 0:00:15]} 21. Qxe3 {[%emt 0:00:08]} exf5 {[%emt 0:00:04]} 22. Bf3 {[%emt 0:01:15]} Rae8 {[%emt 0:02:21]} 23. Qf2 {[%emt 0:01:11]} Nac5 {[%emt 0:09:02]} 24. Rae1 {[%emt 0:00:41]} Qb6 {[%emt 0:02:04]} 25. Rxe8 {[%emt 0:05:12]} Rxe8 {[%emt 0:00:01]} 26. d4 {[%emt 0:00:26]} Ne6 {[%emt 0:01:59]} 27. d5 {[%emt 0:00:47]} cxd5 {[%emt 0:03:14]} 28. Qxb6 {[%emt 0:01:29]} Nxb6 {[%emt 0:00:00]} 29. Nxd5 {[%emt 0:00:25]} Nc4 {[%emt 0:00:10]} 30. Re1 {[%emt 0:00:57]} Nc7 {[%emt 0:02:24]} 31. Rb1 {[%emt 0:02:46]} Ne6 {[%emt 0:01:29]} 32. Re1 {[%emt 0:00:23]} Nc7 {[%emt 0:00:01]} 33. Rb1 {[%emt 0:00:08]} Ne6 {[%emt 0:00:38]} 1/2-1/2

[Event "73rd RUS-ch Higher League 2020"]
[Site "Sochi"]
[Date "2020.10.11"]
[Round "4.13"]
[White "Makarian, Rudik"]
[Black "Yuffa, Daniil"]
[Result "1-0"]
[WhiteElo "2441"]
[BlackElo "2583"]
[Annotator "TA"]
[PlyCount "79"]
[EventDate "2020.10.08"]
[EventType "swiss"]
[EventCountry "RUS"]
[SourceTitle "playchess.com"]
[Source "ChessBase"]
[SourceQuality "1"]

{[%evp 10,79,22,26,29,22,30,27,29,22,17,14,21,16,31,31,53,45,47,19,38,7,47,41,60,54,61,21,47,33,39,26,25,10,18,32,22,29,16,0,16,10,21,0,36,35,45,0,74,75,75,67,297,252,442,415,353,398,401,402,955,955,898,916,908,912,845,788,29985,29986,29986,29987]} 1. d4 Nf6 2. c4 e6 3. Nf3 Bb4+ 4. Bd2 Qe7 5. g3 Bxd2+ 6. Qxd2 Nc6 {E11: Bogo-Indian.} 7. b3 d5 8. Bg2 dxc4 {White has an edge.} 9. bxc4 O-O 10. O-O {[#]} Rb8 $146 ({Predecessor:} 10... e5 11. d5 Nb8 12. Qe3 Nbd7 13. Nc3 Ng4 14. Qg5 Qxg5 15. Nxg5 Ngf6 16. Rfc1 a6 {1-0 (43) Wojtaszek,R (2739)-Tomczak,J (2628) Katowice 2019}) 11. Qc3 b6 12. Nbd2 Ba6 13. Rab1 Nd7 14. Bh3 Na5 15. e4 Rbd8 16. Rfe1 e5 17. d5 ({Of course not} 17. dxe5 Nc5 $11) 17... f6 18. Nh4 Kh8 19. Nb3 Nb7 20. Bf5 Ndc5 21. Qf3 g5 22. Nxc5 Nxc5 23. Ng2 Bxc4 24. h4 Rg8 25. hxg5 Rxg5 26. Rbd1 Bxa2 27. Ne3 Bb3 28. Rb1 {[%mdl 1024] White has compensation.} Rf8 {[#]} (28... Ba4 $11) 29. Kg2 $1 $16 Rf7 30. Rh1 a5 $2 {[#] This move loses the game for Black.} (30... Ba4 $1 $14) 31. Rh6 $1 $18 a4 $2 (31... Ba4 {was worth a try.}) 32. Rbh1 {aiming for Bxh7.} Rgg7 33. Bg6 Rxg6 34. Rxg6 Qf8 {[#]} (34... f5 $142 35. exf5 (35. Nxf5 Qf8 $18) 35... Nd7) 35. Rxh7+ $3 {[%mdl 576] Deflection} Rxh7 36. Rxf6 Qe7 37. Rf8+ Kg7 38. Rc8 {Intending Nf5+ and mate.} ({Stronger than} 38. Nf5+ Kxf8 39. Nxe7+ Kxe7 $11) 38... Qf7 39. Qg4+ Kf6 40. Qf5+ {Accuracy: White = 86%, Black = 62%.} 1-0